[Event "DVM U20w 2013"]
[Site "Osnabrück GER"]
[Date "2013.12.29"]
[Round "6"]
[White "Winterberg, Johanna"]
[Black "Spangenberg, Pia"]
[Result "0-1"]
[Termination "normal"]
[Board "6.3"]
[WhiteElo "1365"]
[BlackElo "1779"]
[WhiteTeam "SG Burgtonna"]
[BlackTeam "SC Leipzig-Lindenau"]
[WhiteFideId "12929344"]
[BlackFideId "4627989"]
[EventCountry "GER"]
[EventRounds "7"]
[EventType "team-swiss"]
[EventDate "2013.12.26"]

1. e4 d5 2. exd5 Nf6 3. Nc3 Nxd5 4. Nxd5 Qxd5 5. Qf3 Qe5+ 6. Ne2 Nc6 7. Qe3
Qxe3 8. fxe3 Bf5 9. d3 e5 10. e4 Be6 11. Be3 Nb4 12. Kd2 c5 13. a3 Nc6 14. c4
O-O-O 15. Kc3 g6 16. g3 b6 17. h4 Bg7 18. h5 Bg4 19. h6 Bf6 20. Bh3 Bxh3 21.
Rxh3 Be7 22. g4 f6 23. Rf1 Rd7 24. Rg3 Rhd8 25. Nc1 Nd4 26. g5 f5 27. Bxd4
cxd4+ 28. Kc2 f4 29. Rg4 Rf8 30. Ne2 Bd8 31. Ng1 Rdf7 32. Nf3 Bc7 33. b4 Kb7
34. Kb3 Kc6 35. Rc1 Rb8 36. Rg2 a5 37. c5 axb4 38. axb4 Ra8 39. cxb6+ Kxb6 40.
Rgc2 Re8 41. Rc6+ Kb7 42. b5 Bb6 43. Kc4 Rd7 44. Ra1 Bd8 45. b6 Kxc6 0-1

[Event "DVM U20w 2013"]
[Site "Osnabrück GER"]
[Date "2013.12.29"]
[Round "6"]
[White "Klotz, Diana"]
[Black "Schirrmeister, Laura"]
[Result "0-1"]
[Termination "normal"]
[Board "6.4"]
[WhiteElo "1000"]
[BlackElo "992"]
[WhiteTeam "SC Leipzig-Lindenau"]
[BlackTeam "SG Burgtonna"]
[WhiteFideId "12983187"]
[BlackFideId "24694967"]
[EventCountry "GER"]
[EventRounds "7"]
[EventType "team-swiss"]
[EventDate "2013.12.26"]

1. Nf3 g6 2. e3 Nf6 3. Be2 Bg7 4. O-O d6 5. h3 c5 6. Nc3 Nbd7 7. d3 O-O 8. e4
a6 9. Bf4 e5 10. Be3 b5 11. Ng5 Bb7 12. Bf3 b4 13. Ne2 d5 14. Ng3 d4 15. Bd2 a5
16. a3 bxa3 17. bxa3 Rb8 18. c3 dxc3 19. Bxc3 h6 20. Nxf7 Rxf7 21. a4 Ba6 22.
Qe1 c4 23. dxc4 Bxc4 24. Bxa5 Nb6 25. Be2 Bxe2 26. Qxe2 Ra8 27. Bc3 Nfd7 28. a5
Nc8 29. Bd2 Nc5 30. Bc3 Nb3 31. Ra3 Nxa5 32. Qe1 Rfa7 33. Qd2 Qxd2 34. Bxd2 Nc4
35. Rc3 Nxd2 36. Re3 Nxf1 37. Kxf1 Nd6 38. Rd3 Bf8 39. Rd5 Ra5 40. Rd3 Ra1+ 41.
Ke2 R8a2+ 42. Ke3 Ra3 43. Ne2 Nc4+ 44. Kf3 Rxd3+ 45. Kg4 h5+ 46. Kh4 Be7# 0-1